Central Library || Chittagong University

Biodiversity in the marine environment / (Record no. 112849)

MARC details
000 -LEADER
fixed length control field 00534nam a22001937a 4500
003 - CONTROL NUMBER IDENTIFIER
control field BD-ChCU
005 - DATE AND TIME OF LATEST TRANSACTION
control field 20260511101320.0
008 - FIXED-LENGTH DATA ELEMENTS--GENERAL INFORMATION
fixed length control field 260511b nyu||||| |||| 00| 0 eng d
020 ## - INTERNATIONAL STANDARD BOOK NUMBER
International Standard Book Number 9789401785655
040 ## - CATALOGING SOURCE
Transcribing agency BD-ChCU
082 ## - DEWEY DECIMAL CLASSIFICATION NUMBER
Edition number 23
Classification number 577.7 G588b
100 ## - MAIN ENTRY--PERSONAL NAME
Personal name Goulletquer, Philippe.
9 (RLIN) 22729
245 ## - TITLE STATEMENT
Title Biodiversity in the marine environment /
Statement of responsibility, etc. Philippe Goulletquer.
260 ## - PUBLICATION, DISTRIBUTION, ETC.
Place of publication, distribution, etc. New York :
Name of publisher, distributor, etc. Springer,
Date of publication, distribution, etc. 2014
300 ## - PHYSICAL DESCRIPTION
Extent 198 P . :
504 ## - BIBLIOGRAPHY, ETC. NOTE
Bibliography, etc. note Includes.
650 #0 - SUBJECT ADDED ENTRY--TOPICAL TERM
Topical term or geographic name entry element Marine ecology.
9 (RLIN) 22731
942 ## - ADDED ENTRY ELEMENTS (KOHA)
Source of classification or shelving scheme Dewey Decimal Classification
Koha item type Books
Suppress in OPAC No
Holdings
Withdrawn status Lost status Source of classification or shelving scheme Damaged status Not for loan Home library Current library Shelving location Date acquired Source of acquisition Total Checkouts Full call number Barcode Date last seen Copy number Price effective from Koha item type
    Dewey Decimal Classification     Chittagong University Library Chittagong University Library Science Reading Room 05/11/2026 purchase   577.7 G588b 343395 05/11/2026 C-1 05/11/2026 Books
    Dewey Decimal Classification     Chittagong University Library Chittagong University Library Science Reading Room 05/11/2026 purchase   577.7 G588b 343396 05/11/2026 C-2 05/11/2026 Books
© Copyright 2026. Chittagong University Library, Installation and Maintenance by Prof. Dr. Md. Alamgir, 01711306253